Systems analysis and design in changing world
Building on its continued success this text has been revised to provide the most comprehensive, balanced and up-to-date coverage of systems analysis and design available. The Fourth Edition maintains the dual focus on the concepts and techniques from both the traditional, structured approach and the...
Kaydedildi:
| Yazar: | |
|---|---|
| Materyal Türü: | Kitap |
| Dil: | Undetermined |
| Baskı/Yayın Bilgisi: |
Boston, MA
Thomson/Course Technology
2007
|
| Konular: | |
| Etiketler: |
Etiketle
Etiket eklenmemiş, İlk siz ekleyin!
|
| Thư viện lưu trữ: | Trung tâm Học liệu Trường Đại học Cần Thơ |
|---|
| LEADER | 01106nam a2200205Ia 4500 | ||
|---|---|---|---|
| 001 | CTU_123752 | ||
| 008 | 210402s9999 xx 000 0 und d | ||
| 020 | |c 1899000 | ||
| 082 | |a 004.21 | ||
| 082 | |b S254 | ||
| 100 | |a Satzinger, John W. | ||
| 245 | 0 | |a Systems analysis and design in changing world | |
| 245 | 0 | |c John W. Satzinger, Robert B. Jackson, Stephen D. Burd. | |
| 260 | |a Boston, MA | ||
| 260 | |b Thomson/Course Technology | ||
| 260 | |c 2007 | ||
| 520 | |a Building on its continued success this text has been revised to provide the most comprehensive, balanced and up-to-date coverage of systems analysis and design available. The Fourth Edition maintains the dual focus on the concepts and techniques from both the traditional, structured approach and the object-oriented approach to systems development. Instructors have the flexibility to emphasize one approach over the other, or both, while referring to one integrated case study that runs through every chapter | ||
| 650 | |a System analysis.,System design | ||
| 904 | |i Minh | ||
| 980 | |a Trung tâm Học liệu Trường Đại học Cần Thơ | ||